00337nam a2200121 a 450000500170000000800410001705000170005810000200007524500570009526000400015265000090019265000140020120140414132028.0110317s19uu xx 00 eng d aTRbL72 1986 aWilliams, Linda aThe little old lady whoa was not afraid of anything. aNew York :bHarper Collins,c1986. aFear aScarecrow